000 00676nam a2200193 a 4500
005 20250116063847.0
008 080627s2000 mx r 000 0 spa d
035 _aUPN01000157747
049 _aUNE
080 1 4 _a37.014.22 (729.7/.8) =20 ANT.
245 0 0 _aAntigua and Barbuda major project in education in Latin America and the Caribbean National action plan.
260 _aAntigua and Barbuda :
_b[s.n.],
_c[19--]
300 _a1 v. (en varias paginaciones) :
_bfots.
690 _aMetas de la educación
690 _aEducación
_9682
690 _aAntigua y Barbuda
710 2 _aProyecto principal de educación para América Latina y el Caribe
905 _aUNESCO
999 _c129861
_d129861